000
00311nam a22001337a 4500
008
190306b xxu||||| |||| 00| 0 eng d
020
_a
2809350251159
041
_a
eng
080
_a
610
100
_a
4
101
_a
SHM
245
_a
Clinical Atlas of Ent and Head & Neck Diseases
_c
Jaypee
942
_2
udc
_c
BK
999
_c
54631
_d
54631